Estadísticas para Título en la Letra #1

Haz click aquí para tomar la prueba!

Estadísticas generales

  • Esta prueba ha sido tomada 165 veces
  • La puntuación promedio es 4 de 15

Estadísticas de respuestas

LetraTítulo% Correcto
Para bailar __ _____, para bailar __ _____ se necesita una poca de graciaLa Bamba
93%
__ _________, __ _________ / Ya No Puede Caminar / Porque no tiene, porque le falta / Marihuana que fumarLa Cucaracha
79%
Tsamina mina, eh eh, ____ ____, eh eh /Tsamina mina, zangaléwa / Porque esto es ÁfricaWaka Waka
74%
Y Tú y tú y tú, y _________ __ / Haces que mi alma se despierte con tu luz / Tú y tú y túSolamente Tú
47%
Voy a reír, voy a bailar / _____ __ ____ lalalaláVivir Mi Vida
39%
____ _________ murmuran por las calles / Porque somos de distintas sociedadesAmor Prohibido
31%
Y es que __ ______ ohuuuu / Baby __ ______ ohuuuu / Desde que te he conocido yo vivo tan felizTe Quiero
31%
No te me subas al coco no / No te me subas al coco no / No nena no __ ____ __ __ ____ __El Coco No
17%
Y _____ __ de tu inconsciencia / De esta forma tan absurda de ver a diario / Como hechas a la basura mi corazónBasta Ya
10%
_____ _ _________, _____ _ _________, sí / Beso, te beso, te quiero besarSabes a Chocolate
9%
Y son ___ _____ ________, un te quiero, un te amoLas Cosas Pequeñas
5%
Oh lelé, oh lala, oh lelé / ____ __ _____ _ __ ______ / Oh lelé, oh lala, oh lelé / Como la canta mi puebloComo Le Gusta a Tu Cuerpo
3%
_______ _______ que no aguanto la aflicción / _______ _______ no seas malita ay no no noLlévame Contigo
3%
¡_________! si así lo quieres tú / ¡_________! vete de norte a surInténtalo
2%
Por Dios te lo juro mi amor es más fuerte / ____ __ _______Como un Huracán
1%

Distribución de puntuación

Porcentaje por número respondido

Porcentaje de gente con cada puntuación

Historial de tus puntuaciones

No has tomado esta prueba